| 000 | 00908nam a2200217 i 4500 | ||
|---|---|---|---|
| 001 | 184580 | ||
| 003 | ES-MaACL | ||
| 005 | 20250826010035.0 | ||
| 008 | 151023s1905 sp |||| | spa d | ||
| 130 | 0 |
_aFuero de Teruel. _9157997 |
|
| 245 | 1 | 0 |
_aForum Turolii : _bregnante i Aragonia Adefonso rege, anno dnice. nativitatis MCLXXVI / _ctranscripción y estudio preliminar de Francisco Aznar y Navarro. |
| 260 |
_a[S.l.] : _b[s.n.], _c[1905] ( _eZaragoza : _fMariano Escar, Tip.) |
||
| 300 |
_aXLVI, 300 p. ; _c23 cm. |
||
| 490 | 1 |
_aColección de documentos para el estudio de la historia de Aragón ; _v2 |
|
| 546 | _aTexto en latín; introducción en español. | ||
| 650 | 4 |
_aFueros- _zTeruel. _9157998 |
|
| 700 | 0 |
_aAznar Navarro, Francisco. _924314 |
|
| 830 | 0 | 0 |
_aColección de documentos para el estudio de la historia de Aragón _v2 _9192177 |
| 852 |
_aES-MaACL _jC-2172 |
||
| 999 |
_c184580 _d184580 |
||